Implementácia systémového nástroja kvality na zníženie nákladov na nepodarkovosť vo Faurecia Slovakia, s.r.o.
Guardado en:
| Autor principal: | |
|---|---|
| Otros Autores: | |
| Formato: | Manuscrito Libro |
| Lenguaje: | eslovaco |
| Publicado: |
2016
|
| Materias: | |
| Acceso en línea: | http://is.stuba.sk/zp/portal_zp.pl?podrobnosti=118829 |
| Etiquetas: |
Sin Etiquetas, Sea el primero en etiquetar este registro!
|
MARC
| LEADER | 00000ntm a22000003a 4500 | ||
|---|---|---|---|
| 001 | stuzp57838 | ||
| 003 | SK-STU | ||
| 005 | 20160719155358.8 | ||
| 007 | ta | ||
| 008 | 150427s2015----xo-----f-mn---000-0-slo-d | ||
| 040 | |a STU |b slo | ||
| 041 | 0 | |a slo | |
| 100 | 1 | |a Hubáčiková, Lenka |u 064000 |k Z4 |4 aut |U MTF Materiálovotechnologická fakulta |T MTF Ústav priemyselného inžinierstva a manažmentu |X 45649 |U M4000 |Y 84 |7 A000045649 | |
| 242 | 0 | 1 | |a Implementation of system quality tool to reduce costs at Faurecia Slovakia with scrap ltd |y eng |
| 245 | 1 | 0 | |a Implementácia systémového nástroja kvality na zníženie nákladov na nepodarkovosť vo Faurecia Slovakia, s.r.o. |
| 260 | |c 2016 | ||
| 650 | 4 | |a náklady |2 slo | |
| 650 | 4 | |a nepodarkovosť |2 slo | |
| 650 | 4 | |a sedem nástrojov kvality |2 slo | |
| 650 | 4 | |a systémové nástroje kvality |2 slo | |
| 650 | 4 | |a scrap |2 eng | |
| 650 | 4 | |a seven quality tools |2 eng | |
| 650 | 4 | |a system tools quality |2 eng | |
| 650 | 4 | |a costs |2 eng | |
| 700 | 1 | |a Lestyánszka Škůrková, Katarína |u 064000 |k Z1 |4 ths |U MTF Materiálovotechnologická fakulta |T MTF Ústav priemyselného inžinierstva a manažmentu |X 61397 |U M4000 |Y 84 |7 61397 | |
| 856 | 4 | |u http://is.stuba.sk/zp/portal_zp.pl?podrobnosti=118829 | |
| 996 | |c M* DP-12890 |l MMKN |s P |a 0 |w stuzp57838_0001 | ||
| SQL | |a stuzp57838 |b DDP |c SLO |d Implementácia systémového nástroja kvality na zníženie nákladov na nepodarkovosť vo Faurecia Slovakia, s.r.o. |e 45649 |f Hubáčiková, Lenka |g 064000 |h 61397 |i Lestyánszka Škůrková, Katarína |j 20160606 |k 183 |l 06 |m http://is.stuba.sk/zp/portal_zp.pl?podrobnosti=118829 |n I-IKP |o 5.2.57. kvalita produkcie | ||